000
00482nam a2200145Ia 4500
008
090124s9999 xx 000 0 und d
082
_b
401635
245
_a
विज्ञानाचे वाटाडे भाग 1
250
_a
1
260
_b
मथुरे सुरेश
_c
1980
300
_a
67
630
_a
विज्ञानाचे वाटाडे भाग 1
730
_a
विज्ञानाचे वाटाडे भाग 1
942
_c
BOOK
999
_c
198019
_d
198019